[Event "Laval XXII"]
[Site "Laval CAN"]
[Date "2006.11.26"]
[Round "4"]
[White "Archambault, Serge"]
[Black "Beladel, Brahim"]
[Result "1/2-1/2"]
[WhiteElo "1781"]
[BlackElo "1688"]
[PlyCount "123"]
[EventDate "2006.11.24"]
[EventType "swiss"]
[EventRounds "5"]
[EventCountry "CAN"]

1. d4 Nf6 2. c4 e6 3. Nc3 Bb4 4. Nf3 b6 5. g3 Bb7 6. Bg2 O-O 7. Bd2 d6 8. O-O
Nbd7 9. a3 Bxc3 10. Bxc3 Ne4 11. Rc1 Ndf6 12. Nd2 Nxc3 13. Rxc3 Bxg2 14. Kxg2
c5 15. dxc5 dxc5 16. Qc2 Qc7 17. Rd1 Rfd8 18. f3 Qe5 19. Nf1 Rd4 20. Rxd4 cxd4
21. Rd3 Qf5 22. Qd1 e5 23. e3 Re8 24. exd4 e4 25. Rd2 exf3+ 26. Qxf3 Qe6 27. d5
Qe1 28. Rf2 Qe5 29. b3 h6 30. a4 a5 31. h3 Re7 32. Nd2 Ne8 33. Qd3 Nd6 34. Nf3
Qa1 35. Qd4 Qxd4 36. Nxd4 Re4 37. Nc2 Kf8 38. Kf3 Ke7 39. g4 Kf6 40. Rd2 Ke5
41. Rd3 Rf4+ 42. Ke2 g6 43. Re3+ Re4 44. Ne1 Rxe3+ 45. Kxe3 f5 46. Nd3+ Kf6 47.
Kd4 fxg4 48. hxg4 h5 49. gxh5 gxh5 50. c5 bxc5+ 51. Kxc5 Ne4+ 52. Kb6 h4 53. d6
Nxd6 54. Nf2 Ke5 55. Kxa5 Kf4 56. Kb6 Kf3 57. Nh3 Kg4 58. Ng1 Kg3 59. Kc7 Kg2
60. Ne2 Kf3 61. Ng1+ Kg2 62. Ne2 1/2-1/2

[Event "Lethbridge op"]
[Site "Lethbridge CAN"]
[Date "2006.04.01"]
[Round "2"]
[White "Rekhson, Vladislav"]
[Black "Wong, Ford"]
[Result "1-0"]
[WhiteElo "1999"]
[BlackElo "1753"]
[PlyCount "61"]
[EventDate "2006.04.01"]
[EventType "swiss"]
[EventRounds "5"]
[EventCountry "CAN"]

1. e4 g6 2. d4 Bg7 3. Nc3 c6 4. Nf3 d6 5. a4 Nd7 6. Bg5 Qb6 7. Rb1 Ngf6 8. Be2
h6 9. Bf4 O-O 10. h3 e5 11. dxe5 dxe5 12. Be3 Qc7 13. Qd2 Kh7 14. O-O Nh5 15.
Kh2 Ndf6 16. Rbd1 Be6 17. Qd6 Ne8 18. Qb4 f5 19. Nh4 Nhf6 20. f4 fxe4 21. fxe5
Nd5 22. Nxd5 Bxe5+ 23. g3 Bxg3+ 24. Kg2 cxd5 25. Qxf8 Ng7 26. Qxa8 Bxh4 27. Bf4
Qd7 28. Be5 Bxh3+ 29. Kh2 Ne8 30. Rf8 Ng7 31. Rh8# 1-0

[Event "Lethbridge op"]
[Site "Lethbridge CAN"]
[Date "2006.04.01"]
[Round "3"]
[White "Sorgard, Graham"]
[Black "Rekhson, Vladislav"]
[Result "1/2-1/2"]
[WhiteElo "1841"]
[BlackElo "1999"]
[PlyCount "54"]
[EventDate "2006.04.01"]
[EventType "swiss"]
[EventRounds "5"]
[EventCountry "CAN"]

1. e4 c5 2. Nc3 Nc6 3. f4 g6 4. Nf3 Bg7 5. Bc4 e6 6. f5 Nge7 7. fxe6 fxe6 8. d3
O-O 9. O-O d5 10. Bb3 Kh8 11. Bg5 d4 12. Ne2 Qd6 13. e5 Qc7 14. Nf4 Nf5 15.
Nxe6 Bxe6 16. Bxe6 Nxe5 17. Bxf5 Rxf5 18. Nxe5 Qxe5 19. Rxf5 Qxf5 20. Bd2 Rf8
21. Qe2 Be5 22. g3 Kg7 23. Rf1 Qxf1+ 24. Qxf1 Rxf1+ 25. Kxf1 Kf6 26. Ke2 Kf5
27. Kf3 h5 1/2-1/2

[Event "MacAdam mem"]
[Site "Victoria CAN"]
[Date "2006.01.21"]
[Round "1.2"]
[White "Raymer, Elliot"]
[Black "Brown, Paul"]
[Result "1-0"]
[WhiteElo "1643"]
[BlackElo "2214"]
[PlyCount "127"]
[EventDate "2006.01.21"]
[EventType "swiss"]
[EventRounds "5"]
[EventCountry "CAN"]

1. e4 e6 2. d4 d5 3. exd5 exd5 4. c4 c6 5. Nc3 Nf6 6. Nf3 Be7 7. Be3 O-O 8. c5
Ng4 9. Bd3 Nxe3 10. fxe3 f5 11. O-O Nd7 12. Qc2 g6 13. h3 Qc7 14. Ne2 Nf6 15.
Nf4 Ne4 16. Bxe4 fxe4 17. Ne5 Bg5 18. Qf2 Bxf4 19. exf4 Qe7 20. Qg3 Bf5 21. Qb3
Rae8 22. g4 Bc8 23. Qg3 Qg7 24. Kh2 Re7 25. Rg1 Rfe8 26. Raf1 Qf6 27. f5 g5 28.
Qe3 Rxe5 29. dxe5 Qxe5+ 30. Kh1 h6 31. h4 Kf7 32. hxg5 hxg5 33. Rg3 Rh8+ 34.
Kg1 b6 35. cxb6 axb6 36. Qc3 d4 37. Qb3+ Kf6 38. Rh3 Rh4 39. Rxh4 gxh4 40. g5+
Kg7 41. f6+ Kf8 42. g6 Qg5+ 43. Kh1 Qxg6 44. Rg1 Qf7 45. Qb4+ c5 46. Qxb6 Qd5
47. Qc7 e3+ 48. Rg2 Qb7 49. Qxc5+ Kf7 50. Kg1 Kxf6 51. Qxd4+ Kf5 52. Qg4+ Ke5
53. Qg5+ Kd4 54. Qf6+ Ke4 55. Qxh4+ Kd3 56. b3 Qc7 57. Qc4+ Qxc4 58. bxc4 Be6
59. c5 e2 60. Kf2 Kd2 61. Rg1 Bxa2 62. c6 Bc4 63. c7 Ba6 64. Re1 1-0

[Event "MacAdam mem"]
[Site "Victoria CAN"]
[Date "2006.01.21"]
[Round "1.4"]
[White "Ozkan, Charlie"]
[Black "Beaudin, Jesse"]
[Result "1-0"]
[WhiteElo "1862"]
[BlackElo "1847"]
[PlyCount "71"]
[EventDate "2006.01.21"]
[EventType "swiss"]
[EventRounds "5"]
[EventCountry "CAN"]

1. e4 e6 2. d4 d5 3. Nc3 Nf6 4. e5 Nfd7 5. Be3 c5 6. Nf3 Nc6 7. Ne2 cxd4 8.
Bxd4 Qc7 9. Qd2 Ndxe5 10. Nxe5 Nxe5 11. Qf4 Bd6 12. Qg5 f6 13. Qe3 Nc4 14. Qb3
Na5 15. Qd3 Nc6 16. Bc3 Ne5 17. Qh3 Nc6 18. Ng3 Bb4 19. Ne2 e5 20. Qh5+ Qf7 21.
Qf3 d4 22. Bxb4 Nxb4 23. Qe4 Qg6 24. Qxg6+ hxg6 25. Kd2 Bf5 26. Ng3 Rc8 27. Bd3
Bxd3 28. cxd3 Rc2+ 29. Kd1 Rxf2 30. Ne4 Rxg2 31. Rc1 Kd8 32. Nd6 Kd7 33. Nxb7
Nxd3 34. Nc5+ Nxc5 35. Rxc5 Rxb2 36. Ra5 1-0

[Event "MacAdam mem"]
[Site "Victoria CAN"]
[Date "2006.01.21"]
[Round "2.1"]
[White "Beaudin, Jesse"]
[Black "Moore, Harry"]
[Result "0-1"]
[WhiteElo "1847"]
[BlackElo "2282"]
[PlyCount "56"]
[EventDate "2006.01.21"]
[EventType "swiss"]
[EventRounds "5"]
[EventCountry "CAN"]

1. e4 c5 2. Nf3 Nc6 3. d4 cxd4 4. Nxd4 e6 5. Nc3 Qc7 6. Be3 a6 7. Be2 Nf6 8. f4
Bb4 9. Bf3 Na5 10. Qd3 Nc4 11. O-O-O Nxe3 12. Qxe3 Bxc3 13. bxc3 O-O 14. g4 e5
15. fxe5 Qxe5 16. g5 Nd5 17. Qd3 Nf4 18. Qd2 d6 19. Rhf1 Bh3 20. Rg1 Be6 21.
Nxe6 Nxe6 22. Qxd6 Qxc3 23. Qg3 Nd4 24. Rxd4 Qa1+ 25. Kd2 Qxd4+ 26. Ke2 Rac8
27. Rc1 Rfd8 28. Qe1 Rc3 0-1

[Event "MacAdam mem"]
[Site "Victoria CAN"]
[Date "2006.01.21"]
[Round "2.3"]
[White "Chan, James"]
[Black "Raymer, Elliot"]
[Result "1-0"]
[WhiteElo "1958"]
[BlackElo "1643"]
[PlyCount "77"]
[EventDate "2006.01.21"]
[EventType "swiss"]
[EventRounds "5"]
[EventCountry "CAN"]

1. e4 e5 2. Nf3 Nc6 3. Bb5 a6 4. Ba4 Nf6 5. O-O d6 6. Nc3 Be7 7. d4 exd4 8.
Nxd4 Bd7 9. Nxc6 Bxc6 10. Bxc6+ bxc6 11. Qd3 O-O 12. b3 Nd7 13. Bb2 Nc5 14. Qc4
Bf6 15. b4 Ne6 16. Qxc6 Rb8 17. Qc4 Nd4 18. Na4 Qd7 19. Bxd4 Bxd4 20. Qxd4 Qxa4
21. c3 Rfe8 22. f3 Re6 23. Rfc1 Rg6 24. Qd1 Qd7 25. a4 Qh3 26. Ra2 Re8 27. g3
Rh6 28. Rcc2 Ree6 29. c4 Ref6 30. f4 Rfg6 31. Rg2 Re6 32. Qd4 Kf8 33. b5 axb5
34. cxb5 Qg4 35. Qd3 Rh3 36. a5 Reh6 37. a6 Qc8 38. a7 Qa8 39. Qd5 1-0

[Event "MacAdam mem"]
[Site "Victoria CAN"]
[Date "2006.01.21"]
[Round "2.4"]
[White "Brown, Paul"]
[Black "Ozkan, Charlie"]
[Result "1-0"]
[WhiteElo "2214"]
[BlackElo "1852"]
[PlyCount "53"]
[EventDate "2006.01.21"]
[EventType "swiss"]
[EventRounds "5"]
[EventCountry "CAN"]

1. e4 c5 2. Nc3 Nc6 3. g3 g6 4. Bg2 Bg7 5. d3 d6 6. Nf3 b5 7. Nxb5 Qa5+ 8. Nc3
Bxc3+ 9. bxc3 Qxc3+ 10. Bd2 Qb2 11. O-O Rb8 12. c3 Ba6 13. c4 Qa3 14. Qc2 Nb4
15. Bxb4 Rxb4 16. Rfb1 Bc8 17. Rxb4 Qxb4 18. Rb1 Qa3 19. Rb8 Qa6 20. Bh3 e6 21.
Qb2 f6 22. Bxe6 Ne7 23. Bxc8 Nxc8 24. Qxf6 Rf8 25. Qe6+ Kd8 26. Ne5 Kc7 27. Rb5
1-0

[Event "MacAdam mem"]
[Site "Victoria CAN"]
[Date "2006.01.22"]
[Round "2.5"]
[White "Boyle, Phil"]
[Black "Wild, Joshua"]
[Result "1-0"]
[WhiteElo "1679"]
[BlackElo "1527"]
[PlyCount "96"]
[EventDate "2006.01.21"]
[EventType "swiss"]
[EventRounds "5"]
[EventCountry "CAN"]

1. c4 c5 2. g3 Nf6 3. Bg2 Nc6 4. Nc3 g6 5. d3 Bg7 6. e4 d6 7. Nge2 O-O 8. O-O
Ne8 9. Rb1 f5 10. f4 e6 11. b3 Nd4 12. Bb2 e5 13. Nxd4 exd4 14. Nd5 Be6 15. a3
Bxd5 16. exd5 Nf6 17. b4 b6 18. Re1 Re8 19. h3 Qd7 20. Re6 Re7 21. Qe2 Rae8 22.
Re1 Kf7 23. Rxe7+ Rxe7 24. Qd1 Rxe1+ 25. Qxe1 Qe7 26. Qd2 Nh5 27. Kh2 Bh6 28.
bxc5 bxc5 29. Bf3 Nf6 30. Bc1 Qb7 31. a4 Bf8 32. g4 fxg4 33. hxg4 Qd7 34. Qd1
h6 35. a5 Qd8 36. Bd2 Bg7 37. Qb3 Nxg4+ 38. Kg3 Ne3 39. Be2 Qc8 40. a6 Qxa6 41.
Kf3 Qc8 42. Kg3 Bf6 43. Qb5 h5 44. Qc6 Nf5+ 45. Kf2 Qxc6 46. dxc6 Bd8 47. Kf3
Ne7 48. Ke4 Ke6 1-0

[Event "MacAdam mem"]
[Site "Victoria CAN"]
[Date "2006.01.22"]
[Round "3.2"]
[White "Chan, James"]
[Black "Jones, Cliff"]
[Result "1-0"]
[WhiteElo "1958"]
[BlackElo "1679"]
[PlyCount "71"]
[EventDate "2006.01.21"]
[EventType "swiss"]
[EventRounds "5"]
[EventCountry "CAN"]

1. e4 d5 2. exd5 Qxd5 3. Nc3 Qd8 4. d4 Nf6 5. Bc4 c6 6. Nf3 Bf5 7. Ne5 e6 8. g4
Bg6 9. h4 Nbd7 10. Nxg6 hxg6 11. Bf4 Nb6 12. Bb3 Bd6 13. Bg5 Be7 14. Be3 Qc7
15. Qf3 Nfd5 16. h5 Nxe3 17. Qxe3 gxh5 18. gxh5 Rh6 19. O-O-O O-O-O 20. Ne4 Nd5
21. Bxd5 cxd5 22. Rd3 e5 23. Rc3 Rc6 24. Rxc6 Qxc6 25. Ng3 Qc4 26. Nf5 Bf6 27.
dxe5 Qxa2 28. exf6 Qa1+ 29. Kd2 Qxh1 30. fxg7 d4 31. Qg3 Qe4 32. Nd6+ Rxd6 33.
g8=Q+ Rd8 34. Q8g4+ f5 35. Qxe4 fxe4 36. Qg4+ 1-0

[Event "MacAdam mem"]
[Site "Victoria CAN"]
[Date "2006.01.22"]
[Round "3.3"]
[White "Beaudin, Jesse"]
[Black "Brown, Paul"]
[Result "1/2-1/2"]
[WhiteElo "1847"]
[BlackElo "2214"]
[PlyCount "55"]
[EventDate "2006.01.21"]
[EventType "swiss"]
[EventRounds "5"]
[EventCountry "CAN"]

1. e4 e6 2. d4 d5 3. Nd2 Be7 4. e5 c5 5. c3 Nh6 6. f4 Nf5 7. Ndf3 cxd4 8. Nxd4
Nxd4 9. cxd4 Qa5+ 10. Bd2 Qb6 11. Bc3 Bd7 12. Nf3 Bb5 13. Bxb5+ Qxb5 14. Qe2
Qxe2+ 15. Kxe2 b5 16. Rhc1 Kd7 17. Rc2 Nc6 18. Rac1 Rac8 19. Bd2 f6 20. Be3 Nb4
21. Rxc8 Rxc8 22. Rxc8 Kxc8 23. a3 Nc6 24. Bd2 Kb7 25. Ke3 Kb6 26. Kd3 a5 27.
Ne1 fxe5 28. fxe5 1/2-1/2

[Event "MacAdam mem"]
[Site "Victoria CAN"]
[Date "2006.01.22"]
[Round "3.4"]
[White "Wild, Joshua"]
[Black "Ozkan, Charlie"]
[Result "0-1"]
[WhiteElo "1527"]
[BlackElo "1862"]
[PlyCount "104"]
[EventDate "2006.01.21"]
[EventType "swiss"]
[EventRounds "5"]
[EventCountry "CAN"]

1. e4 c5 2. Nf3 d6 3. d4 cxd4 4. Nxd4 Nf6 5. Nc3 g6 6. Be2 Bg7 7. Be3 Nc6 8.
O-O O-O 9. Kh1 d5 10. Bf3 Nxd4 11. Bxd4 Nxe4 12. Bxg7 Kxg7 13. Nxd5 Ng5 14.
Qd4+ f6 15. Qe3 e6 16. Nc3 Nxf3 17. Qxf3 Qb6 18. Rab1 e5 19. Nd5 Qc6 20. Rfd1
Be6 21. b3 b5 22. c4 bxc4 23. bxc4 Rf7 24. Qb3 Rc8 25. Rbc1 Rd7 26. Ne3 Rxd1+
27. Rxd1 Bxc4 28. Nxc4 Qxc4 29. Rd7+ Kh8 30. Qd1 Qc1 31. Rd8+ Kg7 32. Rd7+ Kh6
33. Kg1 Qxd1+ 34. Rxd1 Kg5 35. g3 h5 36. Rd7 a5 37. Rd5 a4 38. Rd3 Rc2 39. a3
Rc4 40. Rf3 f5 41. Re3 e4 42. f3 exf3 43. Rxf3 Kg4 44. Rd3 h4 45. gxh4 Kxh4 46.
Kg2 f4 47. h3 g5 48. Rd6 Kh5 49. Rd3 Rc2+ 50. Kg1 Ra2 51. Rf3 Rb2 52. Rd3 Rb3
0-1

[Event "MacAdam mem"]
[Site "Victoria CAN"]
[Date "2006.01.22"]
[Round "4.1"]
[White "Chan, James"]
[Black "Moore, Harry"]
[Result "1/2-1/2"]
[WhiteElo "1958"]
[BlackElo "2282"]
[PlyCount "82"]
[EventDate "2006.01.21"]
[EventType "swiss"]
[EventRounds "5"]
[EventCountry "CAN"]

1. e4 c5 2. Nf3 e6 3. d4 cxd4 4. Nxd4 a6 5. Nc3 Qc7 6. Be2 Nc6 7. O-O Nf6 8.
Be3 Bb4 9. Na4 O-O 10. Nxc6 bxc6 11. Nb6 Rb8 12. Nxc8 Qxc8 13. Qd3 d5 14. e5
Nd7 15. f4 Nc5 16. Qd1 Na4 17. Rb1 Be7 18. Qd4 Nb6 19. b3 c5 20. Qd1 Qc7 21. c4
d4 22. Bf2 f6 23. Bg3 fxe5 24. fxe5 Nd7 25. Bg4 Nxe5 26. Bxe6+ Kh8 27. Qh5 Bd6
28. Rxf8+ Rxf8 29. Rf1 Rxf1+ 30. Kxf1 Ng6 31. Qd5 Bxg3 32. hxg3 Nf8 33. Qf5
Nxe6 34. Qxe6 h6 35. Qxa6 Qf7+ 36. Kg1 Qf5 37. Qa8+ Kh7 38. Qf3 Qb1+ 39. Qf1
Qe4 40. Qf3 Qe1+ 41. Kh2 Qc3 1/2-1/2

[Event "MacAdam mem"]
[Site "Victoria CAN"]
[Date "2006.01.22"]
[Round "4.2"]
[White "Brown, Paul"]
[Black "Jones, Cliff"]
[Result "1-0"]
[WhiteElo "2214"]
[BlackElo "1679"]
[PlyCount "45"]
[EventDate "2006.01.21"]
[EventType "swiss"]
[EventRounds "5"]
[EventCountry "CAN"]

1. e4 d5 2. exd5 Qxd5 3. Nc3 Qd8 4. d4 Nf6 5. Nf3 Bg4 6. Be2 e6 7. O-O c6 8.
Be3 Bd6 9. Ne5 Bxe2 10. Qxe2 O-O 11. f4 Qc7 12. Rf3 Nbd7 13. Rh3 c5 14. Nb5 Qb8
15. Nxd7 Nxd7 16. Nxd6 Qxd6 17. dxc5 Nxc5 18. Qh5 h6 19. Bxc5 Qxf4 20. Bxf8
Rxf8 21. Qc5 b6 22. Qc3 Rd8 23. Rf3 1-0

[Event "MacAdam mem"]
[Site "Victoria CAN"]
[Date "2006.01.22"]
[Round "4.4"]
[White "Ozkan, Charlie"]
[Black "Raymer, Elliot"]
[Result "1-0"]
[WhiteElo "1852"]
[BlackElo "1643"]
[PlyCount "109"]
[EventDate "2006.01.21"]
[EventType "swiss"]
[EventRounds "5"]
[EventCountry "CAN"]

1. e4 e5 2. Nf3 Nc6 3. Bb5 a6 4. Ba4 Nf6 5. O-O d6 6. Re1 Be7 7. h3 O-O 8. Nc3
Nd4 9. Nxd4 exd4 10. Nd5 Nxd5 11. exd5 b5 12. Bb3 Re8 13. d3 Bf6 14. Bd2 Bf5
15. Qf3 Qd7 16. Rxe8+ Rxe8 17. a4 h6 18. axb5 axb5 19. Ra7 Bg6 20. Ba5 Bd8 21.
Qd1 Re5 22. Rb7 Qe8 23. Kf1 Qd7 24. Qg4 Qe8 25. Rb8 Bh5 26. Qc8 Re1+ 27. Bxe1
Qe2+ 28. Kg1 Qxe1+ 29. Kh2 Qe5+ 30. g3 Kh7 31. Kg2 Qe2 32. Qf5+ Bg6 33. Qf3
Qxf3+ 34. Kxf3 Bg5 35. h4 Bc1 36. Rxb5 Bxb2 37. Rb7 Bh5+ 38. g4 Bg6 39. h5 f5
40. hxg6+ Kxg6 41. gxf5+ Kxf5 42. Rxc7 g5 43. Kg3 h5 44. Rd7 g4 45. Rf7+ Kg5
46. Rg7+ Kf5 47. Rd7 Kg5 48. Rxd6 Bc1 49. Rd8 h4+ 50. Kg2 h3+ 51. Kh1 Kf4 52.
d6 Kf3 53. Rf8+ Ke2 54. d7 Bg5 55. Be6 1-0

[Event "MacAdam mem"]
[Site "Victoria CAN"]
[Date "2006.01.22"]
[Round "5.1"]
[White "Moore, Harry"]
[Black "Brown, Paul"]
[Result "1-0"]
[WhiteElo "2282"]
[BlackElo "2214"]
[PlyCount "55"]
[EventDate "2006.01.21"]
[EventType "swiss"]
[EventRounds "5"]
[EventCountry "CAN"]

1. d4 f5 2. g3 Nf6 3. Bg2 d5 4. Nf3 e6 5. O-O Bd6 6. c4 c6 7. b3 O-O 8. Ba3
Bxa3 9. Nxa3 Qa5 10. Nc2 b5 11. Ne5 bxc4 12. bxc4 Nfd7 13. Nxd7 Nxd7 14. Qd3
Rb8 15. Qa3 Qxa3 16. Nxa3 Ba6 17. Rfc1 Rfc8 18. e3 Nb6 19. Bf1 Na4 20. Rab1
Rxb1 21. Rxb1 Nc3 22. Rb2 Na4 23. Rb3 Kf8 24. c5 Bxf1 25. Kxf1 e5 26. Nc2 exd4
27. exd4 Rc7 28. Ne3 1-0

[Event "MacAdam mem"]
[Site "Victoria CAN"]
[Date "2006.01.22"]
[Round "5.3"]
[White "Jones, Cliff"]
[Black "Ozkan, Charlie"]
[Result "0-1"]
[WhiteElo "1679"]
[BlackElo "1852"]
[PlyCount "131"]
[EventDate "2006.01.21"]
[EventType "swiss"]
[EventRounds "5"]
[EventCountry "CAN"]

1. e4 c5 2. Nf3 d6 3. c3 e6 4. d3 Nc6 5. g3 Nf6 6. Bg2 Be7 7. O-O O-O 8. Re1
Qc7 9. Na3 a6 10. Nc2 b5 11. d4 cxd4 12. Nfxd4 Bb7 13. f3 Nd7 14. Nxc6 Bxc6 15.
Nb4 Bb7 16. Nd3 Rfd8 17. Bd2 Nb6 18. b3 Rac8 19. Qe2 d5 20. e5 d4 21. cxd4 Rxd4
22. Be3 Rd7 23. Rac1 Qd8 24. Rxc8 Bxc8 25. Bf1 Nd5 26. Bc5 Bxc5+ 27. Nxc5 Qb6
28. Qf2 Rc7 29. Ne4 Qxf2+ 30. Kxf2 Rc2+ 31. Re2 Rc1 32. Re1 Rc6 33. f4 Bd7 34.
Bg2 b4 35. Nd6 Rc2+ 36. Re2 Rxe2+ 37. Kxe2 Nc3+ 38. Kd3 Nxa2 39. Kc4 Kf8 40.
Nb7 Ke7 41. Nd6 f5 42. Kc5 a5 43. Bc6 Nc1 44. Bxd7 Kxd7 45. Kc4 Kc6 46. h3 h5
47. Ne8 g6 48. Nf6 Ne2 49. g4 hxg4 50. hxg4 fxg4 51. Nxg4 Nxf4 52. Nf6 g5 53.
Ng4 Ng6 54. Kd4 Kb5 55. Nf6 a4 56. bxa4+ Kxa4 57. Nd7 Nf4 58. Nc5+ Ka3 59. Kc4
g4 60. Ne4 b3 61. Nc3 g3 62. Nb1+ Kb2 63. Nd2 g2 64. Nf3 Kc2 65. Ne1+ Kb2 66.
Nd3+ 0-1

[Event "MacAdam mem"]
[Site "Victoria CAN"]
[Date "2006.01.22"]
[Round "5.4"]
[White "Raymer, Elliot"]
[Black "Beaudin, Jesse"]
[Result "0-1"]
[WhiteElo "1643"]
[BlackElo "1847"]
[PlyCount "84"]
[EventDate "2006.01.21"]
[EventType "swiss"]
[EventRounds "5"]
[EventCountry "CAN"]

1. e4 e6 2. d4 d5 3. exd5 exd5 4. c4 Nf6 5. Nc3 Be7 6. Nf3 O-O 7. Be3 Re8 8. c5
b6 9. b4 a5 10. a3 c6 11. Bd3 Bg4 12. O-O axb4 13. axb4 Rxa1 14. Qxa1 Bxf3 15.
gxf3 b5 16. Qa5 Qxa5 17. bxa5 g6 18. Na2 Na6 19. Bd2 Bd8 20. Ra1 Nd7 21. Nb4
Ndb8 22. Nxc6 Nxc6 23. Bxb5 Nab8 24. a6 Re7 25. Bxc6 Nxc6 26. Bg5 Ra7 27. Bxd8
Nxd8 28. Rb1 Ne6 29. Rb6 Nxd4 30. c6 Ne6 31. Rb7 Rxa6 32. c7 Nxc7 33. Rxc7 Rd6
34. Rc3 d4 35. Rd3 Kg7 36. Kg2 Kf6 37. Kg3 Ke5 38. h4 h5 39. Kg2 Rc6 40. Kf1
Rc3 41. Ke2 Rxd3 42. Kxd3 g5 0-1

[Event "March TNT"]
[Site "Winnipeg CAN"]
[Date "2006.03.07"]
[Round "1"]
[White "Essery, Richard"]
[Black "Melamedoff, Gustavo"]
[Result "0-1"]
[WhiteElo "1577"]
[BlackElo "2002"]
[PlyCount "82"]
[EventDate "2006.03.07"]
[EventType "swiss"]
[EventRounds "4"]
[EventCountry "CAN"]

1. d4 d5 2. Nf3 e6 3. Bf4 f5 4. e3 Nf6 5. Nbd2 Bd6 6. Bxd6 Qxd6 7. Bd3 Nbd7 8.
O-O O-O 9. c4 c6 10. h3 Ne4 11. a3 Rf6 12. Rc1 Rg6 13. Bxe4 fxe4 14. Nh2 Nf6
15. f3 Qg3 16. Ng4 Nxg4 17. fxg4 Qxe3+ 18. Kh1 Qxd4 19. Qe1 e5 20. Qh4 Be6 21.
cxd5 Bxd5 22. Rcd1 Qb6 23. Qe7 Qd8 24. Qxd8+ Rxd8 25. Nxe4 Rf8 26. Rxf8+ Kxf8
27. Nc5 Rd6 28. Ne4 Rd7 29. Re1 Bxe4 30. Rxe4 Rd5 31. Kg1 Kf7 32. Kf1 Ke6 33.
g3 Rd3 34. Kf2 Rd2+ 35. Re2 Rxe2+ 36. Kxe2 Kd5 37. g5 Ke4 38. h4 c5 39. a4 b6
40. b3 g6 41. g4 Kf4 0-1

[Event "March TNT"]
[Site "Winnipeg CAN"]
[Date "2006.03.07"]
[Round "1"]
[White "Gibbons, Lorne"]
[Black "Nguyen, Huy"]
[Result "0-1"]
[WhiteElo "1336"]
[BlackElo "1647"]
[PlyCount "44"]
[EventDate "2006.03.07"]
[EventType "swiss"]
[EventRounds "4"]
[EventCountry "CAN"]

1. d4 d5 2. c4 c6 3. Nc3 e6 4. Bf4 Nf6 5. Nf3 Be7 6. e3 O-O 7. Bd3 a6 8. h3
Nbd7 9. O-O dxc4 10. Bxc4 b5 11. Bd3 Bb7 12. g4 c5 13. dxc5 Nxc5 14. Ne1 Nxd3
15. Qxd3 Qa5 16. Nc2 Rfd8 17. Nd4 b4 18. Nce2 e5 19. Bxe5 Qxe5 20. f4 Qa5 21.
g5 Qd5 22. gxf6 Qg2# 0-1

[Event "March TNT"]
[Site "Winnipeg CAN"]
[Date "2006.03.07"]
[Round "1"]
[White "Greenberg, Harley"]
[Black "Anderson, George"]
[Result "1/2-1/2"]
[WhiteElo "1742"]
[BlackElo "1484"]
[PlyCount "70"]
[EventDate "2006.03.07"]
[EventType "swiss"]
[EventRounds "4"]
[EventCountry "CAN"]

1. d4 e6 2. c4 b5 3. cxb5 a6 4. Nc3 Bb4 5. e4 Nf6 6. Qc2 axb5 7. Bxb5 Bb7 8.
Bd3 c5 9. Nf3 cxd4 10. Nxd4 Qb6 11. Nf3 Nc6 12. O-O Nd4 13. Nxd4 Qxd4 14. Be3
Qe5 15. f4 Qa5 16. Rfd1 Bc5 17. Bxc5 Qxc5+ 18. Qf2 Qxf2+ 19. Kxf2 O-O 20. h3
Rfb8 21. Kg1 d5 22. e5 Nd7 23. g3 Ba6 24. b3 Rb4 25. Ne2 Bxd3 26. Rxd3 f6 27.
exf6 Nxf6 28. a3 Rbb8 29. Nd4 Kf7 30. Rc3 Rc8 31. Ne2 Ne4 32. Rcc1 g6 33. b4
Kf6 34. a4 Nd6 35. b5 Nc4 1/2-1/2

[Event "March TNT"]
[Site "Winnipeg CAN"]
[Date "2006.03.07"]
[Round "1"]
[White "Kohalmi, Andy"]
[Black "Green, Aaron"]
[Result "1-0"]
[WhiteElo "1704"]
[BlackElo "1356"]
[PlyCount "39"]
[EventDate "2006.03.07"]
[EventType "swiss"]
[EventRounds "4"]
[EventCountry "CAN"]

1. d4 Nf6 2. Nf3 g6 3. c4 Bg7 4. Nc3 O-O 5. e4 d6 6. Be2 Nbd7 7. O-O e5 8. h3
Ne8 9. Bg5 Ndf6 10. dxe5 h6 11. exf6 hxg5 12. fxg7 Kxg7 13. Nh2 Nf6 14. Qd2 Rh8
15. e5 Nh5 16. Bxh5 Rxh5 17. Ne4 Qe7 18. Ng3 Rh7 19. exd6 cxd6 20. Qd4+ 1-0

[Event "March TNT"]
[Site "Winnipeg CAN"]
[Date "2006.03.07"]
[Round "1"]
[White "Kwiatek, Jordan"]
[Black "Booth, Kevin"]
[Result "0-1"]
[WhiteElo "1746"]
[BlackElo "1522"]
[PlyCount "68"]
[EventDate "2006.03.07"]
[EventType "swiss"]
[EventRounds "4"]
[EventCountry "CAN"]

1. d4 Nf6 2. Bg5 e6 3. Nf3 d5 4. e3 c5 5. c3 cxd4 6. exd4 Be7 7. Bd3 O-O 8.
Nbd2 Nbd7 9. Qe2 h6 10. Bh4 Nh7 11. Bxe7 Qxe7 12. Ne5 Nxe5 13. dxe5 f6 14. Nf3
f5 15. Rg1 Ng5 16. Nh4 Qf7 17. f3 Bd7 18. g3 Bc6 19. O-O-O Rfc8 20. Kb1 a5 21.
Rdf1 Qc7 22. Ng2 b5 23. h4 Nf7 24. f4 b4 25. cxb4 axb4 26. Ne3 Qa5 27. b3 Be8
28. g4 Rc3 29. Rf2 Rxb3+ 30. Kc1 Rc8+ 31. Kd1 Rbc3 32. Qd2 Ba4+ 33. Ke2 Rxd3
34. Kxd3 Qb5+ 0-1

[Event "March TNT"]
[Site "Winnipeg CAN"]
[Date "2006.03.07"]
[Round "1"]
[White "Milord, Frank"]
[Black "Wasserman, Leor"]
[Result "0-1"]
[WhiteElo "1604"]
[BlackElo "1331"]
[PlyCount "68"]
[EventDate "2006.03.07"]
[EventType "swiss"]
[EventRounds "4"]
[EventCountry "CAN"]

1. d4 d5 2. c4 e6 3. Nc3 c5 4. cxd5 exd5 5. Nf3 Nf6 6. e3 Be7 7. Bd3 c4 8. Bc2
O-O 9. O-O Nc6 10. b3 Bb4 11. Ne2 cxb3 12. Bxb3 Bg4 13. Nf4 Bd6 14. Nxd5 Nxd5
15. Bxd5 Bxh2+ 16. Kxh2 Qxd5 17. Ba3 Rfe8 18. Rh1 Re6 19. Kg1 Rf6 20. Qd3 g6
21. Nd2 Bf5 22. e4 Qxd4 23. Qxd4 Nxd4 24. exf5 Rxf5 25. Ne4 Rf4 26. Ng3 Nc2 27.
Bb2 Re8 28. f3 Nxa1 29. Bxa1 Re1+ 30. Kf2 Rxh1 31. Nxh1 Rc4 32. Ng3 Rc2+ 33.
Ne2 Rxa2 34. Bf6 b5 0-1

[Event "March TNT"]
[Site "Winnipeg CAN"]
[Date "2006.03.07"]
[Round "1"]
[White "Reimer, Bruce"]
[Black "Oberton, Daniel"]
[Result "0-1"]
[WhiteElo "1512"]
[BlackElo "1744"]
[PlyCount "62"]
[EventDate "2006.03.07"]
[EventType "swiss"]
[EventRounds "4"]
[EventCountry "CAN"]

1. e4 c5 2. f4 d6 3. h3 Nf6 4. Bb5+ Bd7 5. Bxd7+ Nbxd7 6. Nc3 g6 7. Nf3 Qc7 8.
d3 Bg7 9. O-O O-O 10. Qe1 e6 11. Qh4 a6 12. Ne2 c4 13. f5 exf5 14. exf5 cxd3
15. cxd3 Rae8 16. Ned4 Ne5 17. fxg6 fxg6 18. Ng5 Qd7 19. Ndf3 Bh8 20. Nxe5 dxe5
21. Bd2 Rc8 22. Bc3 Nd5 23. Rxf8+ Rxf8 24. Qc4 Bg7 25. Re1 Re8 26. Qh4 Bf6 27.
Qg3 Nxc3 28. bxc3 Bxg5 29. Qxg5 Qxd3 30. Rxe5 Qd1+ 31. Kh2 Qd6 0-1

[Event "March TNT"]
[Site "Winnipeg CAN"]
[Date "2006.03.07"]
[Round "1"]
[White "Rumpel, Chris"]
[Black "Gibson, Fred"]
[Result "1-0"]
[WhiteElo "1583"]
[BlackElo "1110"]
[PlyCount "95"]
[EventDate "2006.03.07"]
[EventType "swiss"]
[EventRounds "4"]
[EventCountry "CAN"]

1. Nf3 d5 2. d3 Nf6 3. Nbd2 Nc6 4. g3 e5 5. Bg2 Be7 6. e4 Be6 7. O-O O-O 8. Qe2
d4 9. c3 Bc5 10. Ng5 Re8 11. Nxe6 Rxe6 12. Kh1 Bb6 13. h4 h5 14. Bh3 Ng4 15.
Bxg4 hxg4 16. Nc4 Bc5 17. Bg5 Be7 18. Bxe7 Qxe7 19. Qxg4 Qf6 20. f4 Qg6 21. Qh3
Qh6 22. f5 Ree8 23. g4 f6 24. Rg1 Kf7 25. g5 Qh5 26. Rg4 Rh8 27. gxf6 gxf6 28.
cxd4 Nxd4 29. Rag1 Rag8 30. Rxg8 Rxg8 31. Rxg8 Kxg8 32. Qg3+ Kf8 33. Ne3 Qf3+
34. Qxf3 Nxf3 35. Nd5 Kg7 36. Nxc7 a6 37. Ne6+ Kh6 38. Nc5 Ne1 39. a3 Kh5 40.
Nxb7 Kxh4 41. Nc5 Kg3 42. b4 Kf3 43. Nd7 Nxd3 44. Nxf6 Nf2+ 45. Kh2 Nd3 46. Nd5
Kxe4 47. f6 Kf5 48. f7 1-0